|
|
|
|
| LEADER |
01231cam a2200265 i 4500 |
| 001 |
Gr-AiPI-208667 |
| 003 |
GR-PaULI |
| 005 |
20210321132039.0 |
| 008 |
110131t2012 at g eng d |
| 952 |
|
|
|0 0
|1 0
|2 ddc
|4 0
|6 179_100000000000000_POJ
|7 0
|9 18458
|a LISA
|b LISA
|c BSC
|d 2016-04-24
|l 0
|o 179.1 POJ
|p 026000328206
|r 2016-04-24 00:00:00
|t 1
|v 2016.00
|w 2016-04-24
|y BK15
|
| 952 |
|
|
|0 0
|1 0
|2 ddc
|4 0
|6 179_100000000000000_POJ
|7 0
|9 18459
|a LISA
|b LISA
|c BSC
|d 2016-04-24
|l 0
|o 179.1 POJ
|p 026000328205
|r 2016-04-24 00:00:00
|t 2
|v 2016.00
|w 2016-04-24
|y BK15
|
| 999 |
|
|
|c 10275
|d 10275
|
| 020 |
|
|
|a 9781111298067
|
| 040 |
|
|
|a GR-PaULI
|b gre
|c GR-PaULI
|d GR-AiPI
|e AACR2
|
| 082 |
0 |
4 |
|a 179.1
|2 23
|
| 100 |
1 |
|
|a Pojman, Louis P.
|9 1355
|e συγγραφέας.
|
| 245 |
1 |
0 |
|a Environmental ethics :
|b readings in theory and application /
|c Louis P. Pojman, Paul Pojman.
|
| 250 |
|
|
|a 6th ed.
|
| 260 |
|
|
|a Australia :
|b Wadsworth, Cenange learning,
|c c2012.
|
| 300 |
|
|
|a xiii, 769 σ. ;
|c 24 εκ.
|
| 504 |
|
|
|a Περιλαμβάνει βιβλιογραφικές παραπομπές.
|
| 650 |
|
4 |
|a Περιβαλλοντική ηθική
|9 9735
|
| 700 |
1 |
|
|a Pojman, Paul
|9 22199
|e συγγραφέας.
|
| 942 |
|
|
|2 ddc
|c BK15
|
| 998 |
|
|
|c ΛΟΥΚΟΠΟΥΛΟΥ
|d 2020-11
|